[Event "Turneul Regilor"]
[Site "Bazna ROM"]
[Date "2007.06.17"]
[Round "2.4"]
[White "Suba, Mihai"]
[Black "Sokolov, Andrei"]
[Result "1/2-1/2"]
[WhiteElo "2537"]
[BlackElo "2584"]
[PlyCount "55"]
[EventDate "2007.06.16"]
[EventType "tourn"]
[EventRounds "9"]
[EventCountry "ROM"]
[EventCategory "13"]
[Source "lmi"]
[SourceDate "2007.06.16"]

1. c4 e5 2. g3 Nf6 3. Bg2 d5 4. cxd5 Nxd5 5. Nc3 Nb6 6. Nf3 Nc6 7. O-O Be7 8.
a3 O-O 9. b4 Be6 10. Rb1 f6 11. d3 Nd4 12. Nd2 c6 13. e3 Nf5 14. Nb3 Nd5 15.
Ne2 Nd6 16. e4 Nc7 17. f4 b6 18. Bb2 Nf7 19. Qc2 c5 20. bxc5 bxc5 21. Na5 Nb5
22. Nc6 Qc7 23. a4 Qxc6 24. axb5 Qb6 25. Kh1 a6 26. bxa6 Qxa6 27. Nc3 c4 28.
dxc4 1/2-1/2

[Event "Turneul Regilor"]
[Site "Bazna ROM"]
[Date "2007.06.19"]
[Round "4.2"]
[White "Ribli, Zoltan"]
[Black "Portisch, Lajos"]
[Result "1/2-1/2"]
[WhiteElo "2580"]
[BlackElo "2512"]
[PlyCount "31"]
[EventDate "2007.06.16"]
[EventType "tourn"]
[EventRounds "9"]
[EventCountry "ROM"]
[EventCategory "13"]
[Source "lmi"]
[SourceDate "2007.06.16"]

1. d4 d5 2. c4 c6 3. Nf3 Nf6 4. e3 Bf5 5. cxd5 cxd5 6. Qb3 Qc7 7. Bd2 Nc6 8.
Bb5 e6 9. Bb4 Bxb4+ 10. Qxb4 Qe7 11. Bxc6+ bxc6 12. Qxe7+ Kxe7 13. Nc3 Nd7 14.
Na4 Rhc8 15. Rc1 Be4 16. Ra1 1/2-1/2

[Event "Turneul Regilor"]
[Site "Bazna ROM"]
[Date "2007.06.19"]
[Round "4.3"]
[White "Suba, Mihai"]
[Black "Vaganian, Rafael A"]
[Result "1/2-1/2"]
[WhiteElo "2537"]
[BlackElo "2590"]
[PlyCount "70"]
[EventDate "2007.06.16"]
[EventType "tourn"]
[EventRounds "9"]
[EventCountry "ROM"]
[EventCategory "13"]
[Source "lmi"]
[SourceDate "2007.06.16"]

1. c4 e6 2. g3 d5 3. Bg2 Nf6 4. Nf3 Be7 5. d4 O-O 6. O-O dxc4 7. Qc2 a6 8. Qxc4
b5 9. Qc2 Bb7 10. Bd2 Ra7 11. Rc1 Be4 12. Qb3 Nc6 13. e3 Qa8 14. Qd1 b4 15. Be1
Bd5 16. Nbd2 Nb8 17. Nh4 Bxg2 18. Nxg2 c5 19. dxc5 Rc8 20. Qf3 Rxc5 21. Qxa8
Rxa8 22. Nb3 Rxc1 23. Rxc1 Nbd7 24. Kf1 a5 25. f3 g5 26. g4 h5 27. h3 hxg4 28.
hxg4 Bd6 29. Nd2 Be5 30. Nc4 Bc7 31. b3 Kg7 32. Nb2 Be5 33. Nc4 Bc7 34. Nb2 Be5
35. Nd3 Rh8 1/2-1/2

[Event "Turneul Regilor"]
[Site "Bazna ROM"]
[Date "2007.06.20"]
[Round "5.2"]
[White "Vaganian, Rafael A"]
[Black "Chiburdanidze, Maia"]
[Result "1/2-1/2"]
[WhiteElo "2590"]
[BlackElo "2510"]
[PlyCount "33"]
[EventDate "2007.06.16"]
[EventType "tourn"]
[EventRounds "9"]
[EventCountry "ROM"]
[EventCategory "13"]
[Source "lmi"]
[SourceDate "2007.06.16"]

1. g3 d5 2. Bg2 c6 3. Nf3 Nf6 4. O-O Bg4 5. d3 Nbd7 6. Qe1 e5 7. e4 dxe4 8.
dxe4 Bc5 9. a4 a5 10. Na3 O-O 11. Bd2 Qc7 12. Bc3 Rfe8 13. Nc4 b6 14. h3 Bh5
15. Kh1 Bxf3 16. Bxf3 Nf8 17. Kg2 1/2-1/2

[Event "Turneul Regilor"]
[Site "Bazna ROM"]
[Date "2007.06.22"]
[Round "7.1"]
[White "Vaganian, Rafael A"]
[Black "Sokolov, Andrei"]
[Result "1/2-1/2"]
[WhiteElo "2590"]
[BlackElo "2584"]
[PlyCount "36"]
[EventDate "2007.06.16"]
[EventType "tourn"]
[EventRounds "9"]
[EventCountry "ROM"]
[EventCategory "13"]
[Source "lmi"]
[SourceDate "2007.06.16"]

1. d4 Nf6 2. c4 e6 3. Nc3 Bb4 4. e3 c5 5. Nge2 cxd4 6. exd4 O-O 7. a3 Be7 8.
Nf4 d5 9. cxd5 Nxd5 10. Ncxd5 exd5 11. Bd3 Nc6 12. O-O Bg5 13. Be3 Bxf4 14.
Bxf4 Qf6 15. Be3 Bf5 16. Bb5 Rfe8 17. Rc1 Re6 18. Rc5 Rd8 1/2-1/2

[Event "Turneul Regilor"]
[Site "Bazna ROM"]
[Date "2007.06.24"]
[Round "9.4"]
[White "Timman, Jan H"]
[Black "Chiburdanidze, Maia"]
[Result "1/2-1/2"]
[WhiteElo "2545"]
[BlackElo "2510"]
[PlyCount "62"]
[EventDate "2007.06.16"]
[EventType "tourn"]
[EventRounds "9"]
[EventCountry "ROM"]
[EventCategory "13"]
[Source "lmi"]
[SourceDate "2007.06.16"]

1. e4 c6 2. d4 d5 3. e5 Bf5 4. Nc3 a6 5. Be3 e6 6. g4 Bg6 7. Nge2 Ne7 8. Nf4 c5
9. dxc5 Nec6 10. Qe2 d4 11. O-O-O Bxc5 12. Nxg6 hxg6 13. Ne4 Qd5 14. Bg2 Qxa2
15. c3 Ba3 16. Bxd4 Qa1+ 17. Kd2 Qxb2+ 18. Ke3 Qxe2+ 19. Kxe2 Nxd4+ 20. cxd4
Nc6 21. Ke3 Rd8 22. Rb1 Na5 23. Bf1 Rd7 24. Ra1 Bb4 25. h4 Nc6 26. Rc1 Ne7 27.
Be2 Nd5+ 28. Kf3 Ke7 29. h5 gxh5 30. gxh5 Nb6 31. h6 Rxh6 1/2-1/2

[Event "Turneul Regilor"]
[Site "Bazna ROM"]
[Date "2007.06.24"]
[Round "9.5"]
[White "Ribli, Zoltan"]
[Black "Suba, Mihai"]
[Result "1/2-1/2"]
[WhiteElo "2580"]
[BlackElo "2537"]
[PlyCount "21"]
[EventDate "2007.06.16"]
[EventType "tourn"]
[EventRounds "9"]
[EventCountry "ROM"]
[EventCategory "13"]
[Source "lmi"]
[SourceDate "2007.06.16"]

1. c4 c5 2. g3 g6 3. Bg2 Bg7 4. Nc3 d6 5. Nf3 e5 6. a3 a5 7. Rb1 Nc6 8. d3 Nge7
9. O-O O-O 10. Bd2 h6 11. Qa4 1/2-1/2

[Event "Turneul Regilor"]
[Site "Bazna ROM"]
[Date "2007.06.25"]
[Round "10.3"]
[White "Sokolov, Andrei"]
[Black "Mecking, Henrique"]
[Result "0-1"]
[WhiteElo "2584"]
[BlackElo "2565"]
[PlyCount "80"]
[EventDate "2007.06.16"]
[EventType "tourn"]
[EventRounds "9"]
[EventCountry "ROM"]
[EventCategory "13"]
[Source "lmi"]
[SourceDate "2007.06.16"]

1. e4 e5 2. Nf3 Nc6 3. Bb5 a6 4. Ba4 Nf6 5. O-O Be7 6. Re1 b5 7. Bb3 d6 8. c3
O-O 9. h3 Na5 10. Bc2 c5 11. d4 Qc7 12. Nbd2 cxd4 13. cxd4 Nc6 14. Nb3 a5 15.
Be3 a4 16. Nbd2 Be6 17. a3 Rfc8 18. Rc1 Bd7 19. Bd3 Qb8 20. Qe2 b4 21. Rc4 d5
22. exd5 Nxd5 23. dxe5 Be6 24. Ng5 Bxg5 25. Bxg5 h6 26. Bh4 bxa3 27. bxa3 Qb2
28. f4 Nce7 29. Bxe7 Nxe7 30. Rxc8+ Rxc8 31. Ne4 Qxa3 32. Kh2 Rc1 33. Rd1 Qa1
34. Nf2 Rxd1 35. Nxd1 a3 36. Qe4 Qxd1 37. Qh7+ Kf8 38. Qh8+ Ng8 39. Bh7 f5 40.
exf6 Qd7 0-1